Miasta w Polsce z ludnością powyżej 50 000 - Statystyki

Ogólne statystyki
  • Ten quiz został rozwiązany 1 475 razy
  • Średni wynik to 56 z 84
Statystyki odpowiedzi
Ludność Miasto % Poprawnych
1 769 000 Warszawa
99%
769 000 Kraków
98%
639 000 Wrocław
97%
464 000 Gdańsk
96%
687 000 Łódź
96%
537 000 Poznań
96%
246 000 Gdynia
95%
339 000 Lublin
94%
403 000 Szczecin
94%
351 000 Bydgoszcz
93%
295 000 Katowice
93%
297 000 Białystok
92%
202 000 Toruń
91%
190 000 Rzeszów
89%
140 000 Zielona Góra
88%
223 000 Częstochowa
87%
173 000 Olsztyn
87%
213 000 Radom
87%
128 000 Opole
85%
196 000 Kielce
84%
124 000 Gorzów Wielkopolski
83%
180 000 Gliwice
80%
203 000 Sosnowiec
80%
120 000 Elbląg
79%
107 000 Koszalin
78%
173 000 Zabrze
78%
171 000 Bielsko-Biała
77%
120 000 Płock
77%
109 000 Tarnów
77%
69 000 Suwałki
76%
101 000 Kalisz
71%
100 000 Legnica
71%
113 000 Wałbrzych
71%
167 000 Bytom
70%
111 000 Włocławek
70%
72 000 Lubin
69%
108 000 Chorzów
68%
91 000 Słupsk
67%
61 000 Ełk
66%
83 000 Nowy Sącz
66%
128 000 Tychy
66%
64 000 Zamość
66%
79 000 Jelenia Góra
65%
74 000 Konin
65%
138 000 Rybnik
65%
74 000 Piotrków Trybunalski
64%
120 000 Dąbrowa Górnicza
63%
95 000 Grudziądz
63%
73 000 Piła
63%
61 000 Przemyśl
63%
138 000 Ruda Śląska
62%
73 000 Inowrocław
61%
63 000 Łomża
59%
63 000 Chełm
57%
77 000 Siedlce
57%
68 000 Gniezno
56%
57 000 Biała Podlaska
55%
64 000 Leszno
54%
61 000 Pruszków
54%
57 000 Bełchatów
50%
60 000 Mielec
50%
72 000 Ostrów Wielkopolski
50%
68 000 Stargard
50%
91 000 Jaworzno
49%
61 000 Kędzierzyn-Koźle
49%
52 000 Ostrołęka
48%
89 000 Jastrzębie-Zdrój
47%
67 000 Głogów
45%
74 000 Mysłowice
45%
69 000 Ostrowiec Świętokrzyski
45%
61 000 Stalowa Wola
45%
54 000 Legionowo
44%
60 000 Tczew
44%
65 000 Pabianice
43%
67 000 Siemianowice Śląskie
42%
62 000 Tomaszów Mazowiecki
41%
56 000 Zgierz
41%
55 000 Piekary Śląskie
38%
61 000 Tarnowskie Góry
38%
62 000 Żory
38%
57 000 Będzin
36%
50 000 Świętochłowice
35%
57 000 Świdnica
34%
55 000 Racibórz
32%
Nie znaleziono quizów pasujących do podanych kryteriów
Rozkład punktacji
Procent ludzi z każdym wynikiem
Percentyl według liczby udzielonych odpowiedzi
Twoja historia wyników
Nie rozwiązałeś tego quizu